00697cam a2200205 4500003000400000005001700004008004100021020001500062020001200077040000900089082002600098100002100124245007500145260005000220300002300270504004100293942001500334999001500349952012700364OSt20260511143826.0730802s1973 ilu b 001 0 eng  a0252002024 a0373123 cIRDP00a320.540 917 492 7 DAW1 aDawn, C. Ernest.10aFrom Ottomanism to Arabism:bessays on the origins of Arab nationalism aUrbana;bUniversity of Illinois Press,c1973. aix, 212 p.c24 cm. aIncludes bibliographical references. 2ddccBOOKS c9733d9733 00102ddc4070a1000b1000cGround Floor d2026-05-11l0o320.540 917 492 7 DAWpLIB*12650r2026-05-11w2026-05-11yBOOKS